000 00367 a2200121 4500
001 ART_50978
005 20260410161758.0
008 260409a
245 1 0 _aLey 27541 de solidaridad y reactivación productiva
100 1 _aRolando, Félix José
700 1 _aDreiling, Paola E.
773 0 _tDoctrina tributaria
_g- N°481 (abr. 2020)
_wREV4296
999 _c20291
_d20291